Gaming Quiz

Random Gaming or Video Games Quiz

Video Game Character by Picture 1 Quiz Stats

 Plays Quiz not verified by Sporcle

Also try: Board Game Blitz
Challenge
Share
Tweet
Score 0/16 Timer 04:00
0 Plays Today
Character % Correct
Mario
97.5%
Luigi
95.6%
Donkey Kong
95.3%
Link
91.5%
Bart Simpson
89.8%
Knuckles
86.8%
Duke Nukem
75.2%
Ryu
69.1%
Character % Correct
Paperboy
59.2%
Guile
51.5%
Niko Bellic
51.2%
Leisure Suit Larry
45.2%
Guybrush Threepwood
26.7%
Blaze
22%
Oficer Frank Tenpenny
16.8%
Dr Alan Grant
0.3%

You're not logged in!

Compare scores with friends on all Sporcle quizzes.
Join for Free
OR
Log In

You Might Also Like...

Show Comments

Extras

Top Quizzes Today


Score Distribution

Your Account Isn't Verified!

In order to create a playlist on Sporcle, you need to verify the email address you used during registration. Go to your Sporcle Settings to finish the process.

Report this User

Report this user for behavior that violates our Community Guidelines.

Details: